<?xml version="1.0" encoding="UTF-8"?>
<record
    xmlns:xsi="http://www.w3.org/2001/XMLSchema-instance"
    xsi:schemaLocation="http://www.loc.gov/MARC21/slim http://www.loc.gov/standards/marcxml/schema/MARC21slim.xsd"
    xmlns="http://www.loc.gov/MARC21/slim">

  <leader>01027nam a2200241 i 4500</leader>
  <controlfield tag="001">103773</controlfield>
  <controlfield tag="003">ES-MaACL</controlfield>
  <controlfield tag="005">20250902103430.0</controlfield>
  <controlfield tag="007">t|</controlfield>
  <controlfield tag="008">051118s1918    sp           ||||1| spa d</controlfield>
  <datafield tag="100" ind1="1" ind2=" ">
    <subfield code="a">Merino Alvarez, Abelardo.</subfield>
    <subfield code="9">80534</subfield>
  </datafield>
  <datafield tag="245" ind1="1" ind2="3">
    <subfield code="a">El regionalismo peninsular </subfield>
    <subfield code="b">: la antropolog&#xED;a y la etnograf&#xED;a /</subfield>
    <subfield code="c">Abelardo Merino Alvarez.</subfield>
  </datafield>
  <datafield tag="260" ind1=" " ind2=" ">
    <subfield code="a">Madrid : </subfield>
    <subfield code="b">[s.n.], </subfield>
    <subfield code="c">1918 (</subfield>
    <subfield code="f">Imp. del Patronato de Hu&#xE9;rfanos de Intendencia &#xE9; Intervenci&#xF3;n Militares)</subfield>
  </datafield>
  <datafield tag="300" ind1=" " ind2=" ">
    <subfield code="a">72 p. ; </subfield>
    <subfield code="c">23 cm.</subfield>
  </datafield>
  <datafield tag="490" ind1="1" ind2=" ">
    <subfield code="a">Publicaciones del Bolet&#xED;n de la Real Sociedad Geogr&#xE1;fica</subfield>
  </datafield>
  <datafield tag="650" ind1="0" ind2="0">
    <subfield code="a">Regionalismo-</subfield>
    <subfield code="z">Espa&#xF1;a.</subfield>
    <subfield code="9">16748</subfield>
  </datafield>
  <datafield tag="650" ind1=" " ind2="4">
    <subfield code="a">Antropolog&#xED;a cultural y social-</subfield>
    <subfield code="z">Espa&#xF1;a</subfield>
    <subfield code="9">9873</subfield>
  </datafield>
  <datafield tag="710" ind1="2" ind2=" ">
    <subfield code="a">Patronato de Hu&#xE9;rfanos de Intendencia e Intervenci&#xF3;n Militares.</subfield>
    <subfield code="9">6172</subfield>
  </datafield>
  <datafield tag="710" ind1="2" ind2=" ">
    <subfield code="a">Real Sociedad Geogr&#xE1;fica</subfield>
    <subfield code="9">6403</subfield>
  </datafield>
  <datafield tag="830" ind1="1" ind2=" ">
    <subfield code="a">Publicaciones del Bolet&#xED;n de la Real Sociedad Geogr&#xE1;fica</subfield>
    <subfield code="9">184622</subfield>
  </datafield>
  <datafield tag="852" ind1=" " ind2=" ">
    <subfield code="a">ES-MaACL</subfield>
    <subfield code="j">1565-F-18   </subfield>
    <subfield code="z">- Dedicatoria aut&#xF3;grafa del autor</subfield>
  </datafield>
  <datafield tag="999" ind1=" " ind2=" ">
    <subfield code="c">103773</subfield>
    <subfield code="d">103773</subfield>
  </datafield>
  <datafield tag="952" ind1=" " ind2=" ">
    <subfield code="0">0</subfield>
    <subfield code="1">0</subfield>
    <subfield code="4">0</subfield>
    <subfield code="7">0</subfield>
    <subfield code="8">Colecci&#xF3;n_de_folletos</subfield>
    <subfield code="a">ATENEOM</subfield>
    <subfield code="b">ATENEOM</subfield>
    <subfield code="c">DEPOF</subfield>
    <subfield code="d">2008-01-17</subfield>
    <subfield code="e">SC</subfield>
    <subfield code="l">0</subfield>
    <subfield code="o">1565-F-18</subfield>
    <subfield code="p">1108345</subfield>
    <subfield code="r">2023-02-23 00:00:00</subfield>
    <subfield code="w">2023-02-23</subfield>
    <subfield code="y">FOLLETOS</subfield>
  </datafield>
</record>
